| 000 | 01112cam a2200193 4500 | ||
|---|---|---|---|
| 001 | x118183 | ||
| 008 | 020528n2002 000 0 eng u | ||
| 035 | _a(Sirsi) u118183 | ||
| 245 | _aR (on the application of Kathrol and others) v Thondda Cynon Taff CBC | ||
| 260 | _c2002 | ||
| 490 |
_aJournal of Planning and Environment Law _v[2002] JPL 304-326(22) |
||
| 520 | _aQBD 6 July 2001. Application by planning authority for development of its own land. Private finance initiative. Whether determination of planning application in respect of development of its own land would be in breach of the European Convention on Human Rights Article 6. Whether planning authority wrongly vetted its discretion and pre-determined the outcome of the planning application. Application for judicial review. Applicatin dismissed. | ||
| 650 | _aR V RHONDDA CYNON TAFF BC EX P KATHRO AND OTHERS | ||
| 650 | _aCONVENTION FOR THE PROTECTION OF HUMAN RIGHTS AND FUNDAMENTAL FREEDOMS ART 6 | ||
| 650 | _aJUDICIAL REVIEW | ||
| 650 | _aPLANNING APPLICATIONS | ||
| 690 | _aPLANNING LAW AND PRACTICE-CASE LAW | ||
| 942 | _n0 | ||
| 999 |
_c70376 _d70376 |
||